El Mediterráneo / (Record no. 77611)

MARC details
000 -LEADER
campo de control de longitud fija 00832nam a2200253 i 4500
001 - NÚMERO DE CONTROL
campo de control 77611
003 - IDENTIFICADOR DE NÚMERO DE CONTROL
campo de control ES-MaACL
005 - FECHA Y HORA DE LA ÚLTIMA TRANSACCIÓN
campo de control 20250807063209.0
007 - CAMPO FIJO DE DESCRIPCIÓN FÍSICA--INFORMACIÓN GENERAL
campo de control de longitud fija t|
008 - DATOS DE LONGITUD FIJA--INFORMACIÓN GENERAL
campo de control de longitud fija 041026s1988 sp ||||1| spa d
020 ## - NÚMERO INTERNACIONAL ESTÁNDAR DEL LIBRO
Número Internacional Estándar del Libro 84-7782-030-9
080 ## - NÚMERO DE LA CLASIFICACIÓN DECIMAL UNIVERSAL
Número de la Clasificación Decimal Universal 914/916-015(084)
100 1# - ENTRADA PRINCIPAL--NOMBRE DE PERSONA
Nombre de persona Barral, Carlos,
Fechas asociadas al nombre 1928-1989
9 (RLIN) 180413
245 13 - MENCIÓN DEL TÍTULO
Título El Mediterráneo /
Mención de responsabilidad, etc. [Carlos Barral, LLuís Permanyer, Manel Pérez Puigjané].
260 ## - PUBLICACIÓN, DISTRIBUCIÓN, ETC.
Lugar de publicación, distribución, etc. Barcelona :
Nombre del editor, distribuidor, etc. Lunweg,
Fecha de publicación, distribución, etc. [1988]
300 ## - DESCRIPCIÓN FÍSICA
Extensión 36 p., [124] p. de lám. ;
Dimensiones 30 x 34 cm.
500 ## - NOTA GENERAL
Nota general Autores tomados de p.1 de la caja.
500 ## - NOTA GENERAL
Nota general Guardado en caja.
651 #4 - PUNTO DE ACCESO ADICIONAL DE MATERIA--NOMBRE GEOGRÁFICO
Nombre geográfico Mediterráneo (Región)-
Subdivisión de forma Obras ilustradas.
9 (RLIN) 9049
700 1# - ENTRADA AGREGADA--NOMBRE PERSONAL
Nombre de persona Permanyer, Lluís.
9 (RLIN) 91295
700 1# - ENTRADA AGREGADA--NOMBRE PERSONAL
Nombre de persona Pérez Puigjané, Manel.
9 (RLIN) 91100
852 ## - LOCALIZACIÓN
Ubicación ES-MaACL
Número de control de estantería L-28370
Sublocalización o colección R.134387
Holdings
Estatus retirado Estado de pérdida Estado de daño No para préstamo Biblioteca de origen Biblioteca actual Ubicación en estantería Fecha de adquisición Fuente de adquisición Total de préstamos Signatura topográfica completa Código de barras Visto por última vez Precio de reemplazo Tipo de ítem Koha
        Biblioteca del Ateneo de Madrid Biblioteca del Ateneo de Madrid Depósito 2 17/01/2008     L-28370 1081200 23/02/2023 23/02/2023 Libro impreso